000 00602nam a2200205Ia 4500
005 20250923145416.0
008 008 250917s9999 xx 000 0 eng d
037 _aTextual
040 _aDSWL
_beng
_cDSWL
041 _aeng
_2eng
084 _aX755.1(Y:434), N71
_qDSWL
100 _aLindholm, Stig
_9835000
245 4 _aThe Image of the developing countries
_c by Stig Lindholm
260 _aStocaholm
_bAlmqvist & Wiksell
_c1971
300 _a100 p.
365 _aINR
_b20 . 0
925 _g20 . 0
942 _cTEXL
_hX755.1(Y:434), N71
999 _c1451001
_d1451001